Visita del embajador de Gran Bretaña
Colección:
San Jorge,
; núm. 21 (gener 1956), pàg 101
Idioma:
Español
MARC
| LEADER | 00000naa a2200000 a 4500 | ||
|---|---|---|---|
| 003 | Arxiu | ||
| 005 | 20260324181508.0 | ||
| 008 | 160829s1956 spc xx s spa c | ||
| 040 | |a AGDB | ||
| 245 | 0 | 0 | |a Visita del embajador de Gran Bretaña |
| 490 | |a San Jorge, |v núm. 21 (gener 1956), pàg 101 | ||
| 650 | 0 | |a Ambaixadors |9 56200 |z Gran Bretanya | |
| 650 | 0 | |a Visites oficials |9 31008 |z Barcelona (Catalunya) | |
| 773 | |g Núm. 21 (gener 1956), pàg 101 |t San Jorge. | ||
| 901 | |a Arxiu | ||
| 942 | |n 1 |2 udc |c ART | ||
| 952 | |0 0 |1 0 |4 0 |6 REV511 |7 1 |9 66129 |a Arxiu |b Arxiu |d 2023-04-17 |l 0 |o Rev-511 |r 2023-04-17 00:00:00 |w 2023-04-17 |y ARXIU |z També disponible a Rev-525 | ||
| 999 | |c 49017 |d 49017 | ||